Forecasting vertically integrated liquid using deep neural networks
Gespeichert in:
| 1. Verfasser: | |
|---|---|
| Weitere Verfasser: | |
| Format: | Manuskript Buch |
| Sprache: | Slowakisch Englisch |
| Veröffentlicht: |
2025
|
| Schlagworte: | |
| Online-Zugang: | http://is.stuba.sk/zp/portal_zp.pl?podrobnosti=184130 |
| Tags: |
Keine Tags, Fügen Sie das erste Tag hinzu!
|
MARC
| LEADER | 00000ntm a22000003a 4500 | ||
|---|---|---|---|
| 001 | stuzp105757 | ||
| 003 | SK-STU | ||
| 005 | 20250607211509.6 | ||
| 007 | ta | ||
| 008 | 150427s2015----xo-----f-mn---000-0-slo-d | ||
| 040 | |a STU |b slo | ||
| 041 | 0 | |a eng | |
| 100 | 1 | |a Černáček, Tomáš |u 070200 |4 aut |U FIIT Fakulta informatiky a informačných technológií |T FIIT Ústav informatiky, informačných systémov a softvérového inžinierstva |X 102887 |U I200 |Y 179 |7 102887 | |
| 242 | 0 | 1 | |a Predpovedanie vertikálne integrovanej kvapaliny s využitím hlbokých neurónových sietí |y slo |
| 245 | 1 | 0 | |a Forecasting vertically integrated liquid using deep neural networks |
| 260 | |c 2025 | ||
| 650 | 4 | |a Next frame prediction |2 eng | |
| 650 | 4 | |a Forecasting |2 eng | |
| 650 | 4 | |a Transformers |2 eng | |
| 650 | 4 | |a Unet |2 eng | |
| 650 | 4 | |a Vertically integrated liquid |2 eng | |
| 650 | 4 | |a Conv2DLSTM |2 eng | |
| 650 | 4 | |a Vision transformers |2 eng | |
| 650 | 4 | |a Meteorology |2 eng | |
| 650 | 4 | |a Predikovanie nasledujúcej snímky |2 slo | |
| 650 | 4 | |a Predpoveď |2 slo | |
| 650 | 4 | |a Transformery |2 slo | |
| 650 | 4 | |a Conv2DLSTM |2 slo | |
| 650 | 4 | |a Vision Transformery |2 slo | |
| 650 | 4 | |a Vertikálne integrovaná kvapalina |2 slo | |
| 700 | 1 | |a Malkin Ondik, Irina |4 ths |X 77701 |7 77701 | |
| 856 | 4 | |u http://is.stuba.sk/zp/portal_zp.pl?podrobnosti=184130 | |